|
|
|
|
| LEADER |
00970nam a2200265 i 4500 |
| 001 |
c000352043 |
| 003 |
CARM |
| 005 |
00000000000000.0 |
| 008 |
760508s1975 ag b 00010 spa |
| 019 |
1 |
|
|a 204231
|5 LACONCORD2021
|
| 035 |
|
|
|a (OCoLC)2215751
|5 LACONCORD2021
|
| 043 |
|
|
|a s-ag---
|
| 050 |
0 |
0 |
|a F2848
|b .A54
|
| 100 |
2 |
|
|a Alén Lascano, Luis C.
|
| 245 |
1 |
3 |
|a La Argentina ilusionada, 1922-1930 /
|c Luis C. Alén Lascano.
|
| 260 |
|
|
|a [Buenos Aires] :
|b Ediciones La Bastilla,
|c [1975 or 1976]
|
| 300 |
|
|
|a 391 p. ;
|c 21 cm.
|
| 490 |
0 |
|
|a Memorial de la Patria
|
| 504 |
|
|
|a Bibliography: p. [381]-385.
|
| 651 |
|
0 |
|a Argentina
|x History
|y 1910-1943.
|
| 651 |
|
0 |
|a Argentina
|x History
|y Revolution, 1930.
|
| 852 |
8 |
|
|b CARM
|h A1:AN30A0
|i A04866
|p 0423310
|f BK
|
| 082 |
0 |
4 |
|a 982/.06
|
| 999 |
f |
f |
|i e76cb307-d265-597b-87b7-36ddbeb340f2
|s d3b28265-a8f8-577e-8c9a-86ecd54e6e72
|
| 952 |
f |
f |
|p Can circulate
|a CAVAL
|b CAVAL
|c CAVAL
|d CARM 1 Store
|e A04866
|f A1:AN30A0
|h Other scheme
|i book
|m 0423310
|